| 000 | 01143nam a22002657a 4500 | ||
|---|---|---|---|
| 005 | 20100529142321.0 | ||
| 008 | 100529t xxu||||| |||| 00| 0 hin d | ||
| 010 | _aHIN-89435 | ||
| 020 | _c150.00 | ||
| 035 | _aHN-61781 | ||
| 037 | _bDBAD / PUB | ||
| 040 |
_aDPL _bHN |
||
| 082 | _a821 | ||
| 100 |
_aउद्भ्रान्त _917889 |
||
| 245 |
_aअनाद्यसूक्त / _cउद्भ्रान्त |
||
| 246 |
_aAnadhyasukt/ _bby Udbhrant |
||
| 260 |
_aनई दिल्ली _bनेशनल पब्लिशिंग हाउस _c2008 |
||
| 270 |
_a2/35 अंसारी रोड, दरियागंज _bनई दिल्ली _e110002 |
||
| 300 |
_axvii,82पृ _c22सेमी (सजिल्द) _bसचित्र |
||
| 500 | _aSame ISBN 8121402905 Title Bunty | ||
| 650 |
_aहिन्दी कविता _9697 |
||
| 650 |
_ahindi fiction _917890 |
||
| 942 |
_2ddc _cHN _mउद्भ्रान्त |
||
| 999 |
_c36386 _d36386 |
||